| 000 | 00727nam a2200193Ia 4500 | ||
|---|---|---|---|
| 008 | 151119s9999||||xx |||||||||||||| ||und|| | ||
| 082 | _a923.254 | ||
| 082 | _bGKKV13918 | ||
| 100 | _a"आपटे, गुरुजी" | ||
| 245 | _aस्वराज्य मार्गदर्शक लोकमान्य टिळक | ||
| 260 | _a--- | ||
| 260 | _b--- | ||
| 260 | _c2012 | ||
| 600 | _a"आपटे, गुरुजी" | ||
| 630 | _aस्वराज्य मार्गदर्शक लोकमान्य टिळक | ||
| 700 | _a"आपटे, गुरुजी" | ||
| 730 | _aस्वराज्य मार्गदर्शक लोकमान्य टिळक | ||
| 942 | _cBOOK | ||
| 999 |
_c1067501 _d1067498 |
||